| 000 | 00969nam a22002537a 4500 | ||
|---|---|---|---|
| 003 | BCEG | ||
| 005 | 20260327154549.0 | ||
| 008 | 260327s2019 mx |||||||||||||||||spa d | ||
| 020 | _a9786075393438 | ||
| 040 |
_aBCEG _bspa _cBCEG |
||
| 082 |
_a305.897274 _bD618t |
||
| 245 | 1 | 0 |
_aDiversidades en crisis _b: transformaciones socioambientales en regiones indígenas y afromexicanas de Oaxaca. |
| 260 |
_aCiudad de México : _bSecretaría de Cultura, Instituto Nacional de Antropología e Historia, _c2019. |
||
| 300 | _a230 p. | ||
| 490 | _aEtnografía de los Pueblos Indígenas de México. Estudios Monográficos. | ||
| 504 | _aIncluye bibliografía. | ||
| 541 | _aCompra. | ||
| 650 |
_aIndios de México _xCivilización _vVida social y costumbres. |
||
| 650 |
_aAfrodescendientes _yOaxaca (México). |
||
| 651 |
_aOaxaca (México) _xInfluencias africana. |
||
| 700 | 1 |
_aTrejo, Leopoldo, _ecoord. |
|
| 700 | 1 |
_aMasferrer León, Cristina V., _ecoord. |
|
| 942 | _cBK | ||
| 999 |
_c437153 _d437153 |
||